| 000 | 00346nam a22001577a 4500 | ||
|---|---|---|---|
| 003 | SGT | ||
| 020 | _a9788131724675 | ||
| 082 | _a7710.4,SHE | ||
| 100 | _aSHERFIELD,ROBERT,M. | ||
| 245 | _aCORNERSTONE:DEVLOPING SOFT SKILLS | ||
| 250 | _a4TH | ||
| 260 |
_aNOIDA _bPEARSON _c2015 |
||
| 300 | _a409 | ||
| 650 | _aPYCHOLOGY | ||
| 942 |
_2ddc _cBK _02 |
||
| 999 |
_c19434 _d19434 |
||